000 003200000a22001450004500
003 MACL
040 _aMACL
090 _c6276
_d6275
100 _aBhagyalakshmi, S.
245 _aSwami Krishnananda in Convesation
260 _bVikas Publishing House
_c1983
350 _a125
650 _aPhilisophy
942 _cBOOK
_k100
999 _c6228
_d6228